Регионална библиотека "Любен Каравелов" - Русе

Ти и твоето тяло (Запис номер 24515)

MARC детайли
000 -Лидер
Контролно поле с фиксирана дължина 01870nam a2200469 c 4500
003 - Код на организацията, давaща контролен номер
Контролно поле BLK
005 - Дата и час на последна редакция
Контролно поле 20230511030338.0
008 - Елементи от данни с фиксирана дължина
fixed length control field 180413b bul|||||r ||||||| ||bul||
010 ## - Наследен системен номер
LC control number KNG00027029000
020 ## - Международен стандартен номер на книга ISBN
Международен стандартен номер на книга ISBN 954-625-154-2
-- издат.: Фют
040 ## - Източник на каталожния запис
Идентификатор на билиотеката - собственик на записа BLK
041 ## - Код за език
Код за езика на текст/звукозапис или на отделно заглавие Български
Код за езика КДБФ Български
080 ## - УДК
Текстов определител УДК
УДК код - определител по УДК 611/613
УДК определител
УДК - код + определител 611/613
080 ## - УДК
Текстов определител УДК Анатомия. Вж и 572 ; 591.4 ; 616.1/.9 ; 343.9 ; 743
УДК код - определител по УДК 611
УДК определител
УДК - код + определител 611
080 ## - УДК
Текстов определител УДК Физиология
УДК код - определител по УДК 612
УДК определител
УДК - код + определител 612
080 ## - УДК
Текстов определител УДК Хигиена. Лично здраве. Вж и 614 ; 616-083
УДК код - определител по УДК 613
УДК определител
УДК - код + определител 613
100 1# - Редна дума - Автор
Автор Мередит, Сюзън
Авторска отговорност първи автор
R(LIN) 364025
139 ## - Редно поле
Редна дума Ти и твоето тяло
Авторски знак Ти - Т 54
245 10 - Сведения за заглавието
Заглавие Ти и твоето тяло
Редно поле (дума) Сюзън Мередит; прев. Екатерина Иванова Латева; прев. Мария Стойчева.
257 ## - Страна на издаване
Страна на създаване/издаване Великобритания
260 ## - Област на издателските данни
-- София
Име на издателя, разпространителя и проч. Фют
Година на издаване 1999
Печатница София : Д. Благоев
300 ## - Физическа характеристика
Страници 120 с.
Илюстрации и др. с цв. ил.
Размери/Мащаб 18 см
380 ## - Жанр
Жанр Детска отраслова лит.
490 1# - СЕРИИ (Колекции)
Име на серия Първи стъпки в науката
500 ## - Общи забележки
Забележка Кор. опис. - Ориг. загл. You and your Body. - Офс. изд. - 5 000 тир.
650 #4 - Допълнително описание по предмет – тема
Основно описание – тема или топоним Анатомия - на човека
9 (RLIN) 254168
650 #4 - Допълнително описание по предмет – тема
Основно описание – тема или топоним Физиология - на човека
9 (RLIN) 254167
650 #4 - Допълнително описание по предмет – тема
Основно описание – тема или топоним Хигиена
9 (RLIN) 176430
653 ## - Ключова дума – ненормативна
Ключова дума човешко тяло
653 ## - Ключова дума – ненормативна
Ключова дума анатомия
653 ## - Ключова дума – ненормативна
Ключова дума физиология
653 ## - Ключова дума – ненормативна
Ключова дума хигиена
653 ## - Ключова дума – ненормативна
Ключова дума литература за деца
653 ## - Ключова дума – ненормативна
Ключова дума детска литература
700 1# - Други автори (авторска отговорност)
Лично име Латева, Екатерина Иванова
9 (RLIN) 363572
700 1# - Други автори (авторска отговорност)
Лично име Стойчева, Мария
Автороска отговорност (Описва отношението между автора и произведението) прев.
9 (RLIN) 363571
852 ## - Местоположение
Форматна сигнатура Цб І 29738
856 4# - Електронен адрес и достъп
Електронен формат pdf - файл
Път до файла /url/
856 4# - Електронен адрес и достъп
Електронен формат pdf - файл
Път до файла /url/
942 ## - АРТИКУЛИ
Вид на библиотечния материал Книги
Скрит в OPAC Не
Koha issues (borrowed), all copies 7
944 ## - СЪЗДАВАНЕ И РЕДАКЦИЯ на ЗАПИСА
Създаване/Редакция Създаване
Дата на регистрацията/редакция 15.01.2003
Статус, дата на статуса ф /
Служител, извършил регистрацията/редакцията Людмила_Стоянова
944 ## - СЪЗДАВАНЕ И РЕДАКЦИЯ на ЗАПИСА
Създаване/Редакция Редакция
Дата на регистрацията/редакция 22.08.2011
Статус, дата на статуса ф /
Служител, извършил регистрацията/редакцията
999 ## - СИСТЕМНИ КОНТРОЛНИ НОМЕРА
Koha biblionumber 24515
Koha biblioitemnumber 24515
Наличности
Код за отписване Код за изгубен артикул Източник на класификационната схема Код за повреда Коз за рестрикции Код за отдаване Артикулен № Име на библиотеката - собственик Име на библиотеката, в която се намира в момента Статус (Текущо местоположение) Дата на вписване в системата Местоположение - отдел Цена в лева Инвентарен номер Систематично азбучна сигнатура Баркод Номер на екземпляра Цена в евро Служебна бележка Служебен тип на артикула
  Не е изгубен Universal Decimal Classification Не е повреден без рестрикции ползва се в читалня 40417 Регионална библиотека "Любен Каравелов" Русе Регионална библиотека "Любен Каравелов" Русе Хранилище 2001-01-01 Хранилище 6.50 647387 Цб І 29738 120000647387 1 3.32 Дост: Dp Вид: Д N: стар фонд Дата: 01.01.1999 Книги
Изтеглен Не е изгубен Universal Decimal Classification Не е повреден без рестрикции заемане за дома 40418 Регионална библиотека "Любен Каравелов" Русе Регионална библиотека "Любен Каравелов" Русе Детски отдел 2001-01-01 Детски отдел 0.90 665019 ДН 61/Т 54 665019 2 0.46 Дост: Pk Вид: Ф N: стар фонд Дата: 01.01.1999 Дата инв: 02.10.2015 Бележки инв: Д2015 Книги
Изтеглен Не е изгубен Universal Decimal Classification Не е повреден без рестрикции заемане за дома 40419 Регионална библиотека "Любен Каравелов" Русе Регионална библиотека "Любен Каравелов" Русе Детски отдел 2001-01-01 Детски отдел 0.90 665021 ДН 61/Т 54 665021 3 0.46 Дост: Pk Вид: Ф N: стар фонд Дата: 01.01.1999 Дата инв: 19.08.2015 Бележки инв: Д2015 Книги
  Не е изгубен   Не е повреден без рестрикции заемане за дома 40420 Регионална библиотека "Любен Каравелов" Русе Регионална библиотека "Любен Каравелов" Русе Детски отдел 2011-06-29 Детски отдел 6.90 120000751506 ДН 61/Т 54 120000751506 4 3.53 Дост: DA Вид: А N: 10 Дата: 29.06.2011 Дата инв: 25.08.2015 Бележки инв: Д2015 Книги
Vip Innovations Ltd, Rousse, Bulgaria 2025